00725cam a22002057a 4500003000500000005001700005008004100022010001000063011001000073035001000083040000900093100003000102245011900132260004000251300002900291502009900320650003000419650003700449700003300486CHAP20220329141726.0971013s1990 r 00010 d a72850 a73822 a83380 cCHAP00aCruz Hernández, Odón. 0aDiseño, construcción y prueba de una niveladora de tracción animal para el pequeño productor de hortalizas aChapingo, Méx. :bEl autor,c1990 a127 h.b: ilus.e+ anexo aTesis (Ing. Agr. Esp. en Maquinaria Agrícola) -- UACH. Departamento de Maquinaria Agrícola14aHorticulturaxMaquinaria.14aMaquinaria agrícolaxDiseño.0 aHernández Taboada, Juán.